000 00286nam a22001337a 4500
008 170131b xxu||||| |||| 00| 0 eng d
020 _a2900073335055
041 _aeng
080 _a61
100 _a3
101 _aSHM
245 _aMEDICAL TERMINOLOGY
_cBOSTWICK, P
942 _2udc
_cBK
999 _c4136
_d4136